000 00650nam a2200277Ia 4500
005 20260324113207.0
008 008 260324s9999 xx 000 0 eng d
020 _a9781003497707
037 _aEBOOK
040 _aCRL
040 _beng
040 _cCRL
041 _2eng
041 _aeng
084 _qCRL
100 _aMatteo Albanese
_91145798
245 4 _aThe Transnational Making of Italian Neofascism
260 _bTaylor and Francis
260 _c2024
365 _a
365 _b220
856 _uhttp://www.taylorfrancis.com/books/9781003497707
942 _cEBOOK
999 _c1735322
_d1735322